Vodíkové väzby a infračervené absorpčné spektrá alkoxyesterov kyseliny salicylovej

Bibliographic Details
Main Author: Kováč, Štefan, 1928-2013 (Author)
Format: Article
Language:Slovak

MARC

LEADER 00000nab a2200000uu 4500
001 vtls010874866
003 SK-MaSNL
005 20260303162918.0
008 230303|1963 xo |||||||||||||||||slo|
015 |a SNBRB 
035 |a (urnnbn)urn:nbn:sk:snk:ar-005y1t 
035 |a (uuid)e5861e42-32cb-4886-8474-76b105a1d408 
035 |a urn:nbn:sk:snk-ab7ou9 
040 |a SNKBUCL  |b slo  |c SNKBUCL  |e AACR2 
041 0 |a slo 
044 |a xo  |c SK 
100 1 |a Kováč, Štefan,  |d 1928-2013  |4 aut  |9 157641 
245 1 0 |a Vodíkové väzby a infračervené absorpčné spektrá alkoxyesterov kyseliny salicylovej  |c Š. Kováč 
773 0 |t Chemické zvesti  |g Roč. 17, č. 7 (1963), s. 475-481 
958 |a OND 
958 |a EUIPO 
958 |a article8 
999 |c 2057712  |d 2059642